| 000 | 00787nam a2200241 i 4500 | ||
|---|---|---|---|
| 001 | bg | ||
| 100 | 1 |
_aKOLMAN, Romuald _d(1922- ) |
|
| 245 | 1 | 0 |
_aZdobywanie wiedzy : _bporadnik podnoszenia kwalifikacji (magisteria, doktoraty, habilitacje) / _cRomuald Kolman. |
| 260 |
_aBydgoszcz ; _aGdaĆsk : _b"Branta", _c2004. |
||
| 300 |
_a404 s. : _bfot., rys., tab. ; _c24 cm. |
||
| 504 | _aBibliogr. s. 395-398. Indeks. | ||
| 650 | 9 | _aDysertacje naukowe | |
| 650 | 9 | _aPrace dyplomowe | |
| 655 | _aPoradniki | ||
| 020 | _a838907351X | ||
| 040 | _cBPK | ||
| 041 | 0 | _apol | |
| 080 | _a378.22:378.245 | ||
| 920 | _a83-89073-51-X | ||
| 942 | _cKS | ||
| 008 | s pl f |000 0 pol | ||
| 999 |
_c45613 _d45613 |
||
| 856 |
_uhttp://koha.tu.koszalin.pl/cgi-bin/koha/opac-detail.pl?biblionumber=45613 _yKatalog online BPK |
||